| 000 | 01392nam a2200241Ia 4500 | ||
|---|---|---|---|
| 999 |
_c40928 _d40928 |
||
| 001 | 7574 | ||
| 003 | GE_BSU | ||
| 005 | 20231221102441.0 | ||
| 008 | 181216s2011||||ge |||||||||||||| ||geo|| | ||
| 010 | _a9789941412844 | ||
| 040 | _cGE_BSU | ||
| 041 | _ageo | ||
| 080 | _a004.42(075.8) მ-56 | ||
| 100 |
_aხინიკაძე, თენგიზ _91838 |
||
| 245 |
_aპროგრამული პაკეტის გამოყენების საფუძვლები = STATISTIKA : _bსახელმძღვანელო / _cთენგიზ ხინიკაძე ; რედ. : მიხეილ დონაძე, გრიგოლ კახიანი ; ბათუმის შოთა რუსთაველის სახელმწიფო უნივერსიტეტი. |
||
| 264 |
_aბათუმი : _bუნივერსიტეტის გამ-ბა, _c2011. |
||
| 300 |
_a192 გვ. : _bილ. ; _c20 სმ. |
||
| 653 | _aსტატისტიკა | ||
| 700 |
_aდონაძე, მიხეილ _eრედაქტორი _920825 |
||
| 700 |
_aკახიანი, გრიგოლ _eრედაქტორი _91840 |
||
| 710 |
_aბათუმის შოთა რუსთაველის სახელმწიფო უნივერსიტეტი _920826 |
||
| 942 |
_cBK _2udc |
||